| 000 | 00474nam a2200169Ia 4500 | ||
|---|---|---|---|
| 008 | 230718s9999 xx 000 0 und d | ||
| 020 | _a8172241895 | ||
| 041 | _aeng | ||
| 082 | _bPAR | ||
| 100 |
_aParr A. _9146065 |
||
| 245 | _aHydraulics And Pneumatics Of Technician's And Engineer's Guide | ||
| 260 |
_c1993 _bJohnson And Phillips |
||
| 300 |
_a223 _dRef 223 I (11725) |
||
| 365 |
_cRs. _b320.00 |
||
| 700 |
_aParr A. _9146065 |
||
| 906 |
_dB:184124-Feb-1997 _cINST _b48 |
||
| 999 |
_c295943 _d295943 |
||